Hluk v životním prostředí sborník

Enregistré dans:
Détails bibliographiques
Format: Livre
Langue:tchèque
Publié: Praha Dům techniky ČSVTS 1979
Tags: Ajouter un tag
Pas de tags, Soyez le premier à ajouter un tag!

MARC

LEADER 00000nam a2200000 4500
001 0222310
005 20240822101700.7
041 0 |a cze 
044 |a CZ 
245 1 0 |a Hluk v životním prostředí  |b sborník 
264 1 |a Praha  |b Dům techniky ČSVTS  |c 1979 
300 |a 188 s.